|
|
|
|
| LEADER |
01113nam a2200265 a 4500 |
| 001 |
616000 |
| 008 |
130225s1993 caua b s001 0 eng d |
| 010 |
|
|
|a 92028208
|
| 020 |
|
|
|a 9780520077850
|
| 020 |
|
|
|a 0520077849 (cloth : alk. paper)
|
| 020 |
|
|
|a 0520077857 (paper : alk. paper)
|
| 040 |
|
|
|a DLC
|c DLC
|d DLC
|d BD-DhAAL
|
| 082 |
0 |
0 |
|a 306.4/61
|2 20
|
| 245 |
0 |
0 |
|a Knowledge, power, and practice :
|b the anthropology of medicine and everyday life /
|c edited by Shirley Lindenbaum and Margaret Lock.
|
| 260 |
|
|
|a Berkeley :
|b University of California Press,
|c c1993.
|
| 300 |
|
|
|a xv, 428 p. :
|b ill. ;
|c 24 cm.
|
| 490 |
1 |
|
|a Comparative studies of health systems and medical care
|
| 504 |
|
|
|a Includes bibliographical references and index.
|
| 541 |
1 |
|
|e 00026674
|
| 650 |
|
0 |
|a Medical anthropology.
|
| 700 |
1 |
|
|a Lindenbaum, Shirley.
|
| 700 |
1 |
|
|a Lock, Margaret M.
|
| 852 |
1 |
|
|a Ayesha Abed Library
|j General Shelf.
|
| 999 |
|
|
|c 13196
|d 13196
|
| 952 |
|
|
|0 0
|1 0
|2 ddc
|4 0
|6 306_461000000000000_KNO
|7 0
|9 21970
|a JPGSPH
|b JPGSPH
|d 2013-02-25
|e Karim International
|g 2920.00
|l 0
|o 306.461 KNO
|p 3060026674
|r 2013-02-25
|t 1
|w 2013-02-25
|y BK
|